Slavisches Centralblatt Wochenschrift für Literatur, Kunst, Wissenschaft und nationale Interessen des Gesammtslaventhums

Podrobná bibliografia
Nový názov:Centralblatt für slavische Literatur und Bibliographie
Ďalší autori: Schmaler, J. E. (Editor)
Médium: Časopis
Jazyk:nemčina
PhysicalDescription:zv. 30 cm
Vydavateľské údaje: Bautzen Schmaler & Pech 1865-1866
Predmet:

MARC

LEADER 00000cas a2200000 a 4500
001 vtls001411050
003 SK-MaSNL
005 20260228160439.0
008 180810d18651866gw wr p 0 0 0ger c
035 |a SNK000365750 
040 |a SNK  |b slo  |c SNK  |e AACR2 
041 0 |a ger 
044 |a gw  |c DE 
072 7 |a 80  |x Filológia  |2 konspekt 
080 |a 80(=16)+908(4)  |2 2011 
080 |a 050  |2 2011 
080 |a (051)  |2 2011 
245 0 0 |a Slavisches Centralblatt  |b Wochenschrift für Literatur, Kunst, Wissenschaft und nationale Interessen des Gesammtslaventhums 
260 |a Bautzen  |b Schmaler & Pech  |c 1865-1866 
300 |a zv.  |c 30 cm 
310 |a 1x týždenne 
362 0 |a I.-IV. Jahrgang, 1865-1868 
500 |a Od r. 1867 vychádza pod názvom: Centralblatt für slavische Literatur und Bibliographie 
650 7 |a slavistika  |2 SNKPH  |9 4282 
655 7 |a časopisy  |2 SNKPH  |9 76610 
700 1 |a Schmaler, J. E.  |4 edt  |9 266656 
785 0 0 |t Centralblatt für slavische Literatur und Bibliographie 
910 |a snk 
958 |a ONDV 
999 |c 2549  |d 4479 
952 |0 0  |1 1  |4 0  |7 0  |a SNK  |b SNK  |d 2001-04-06  |l 0  |o snkČB 4135/1-2/1865-1866  |p 17A0294532  |r 2005-01-02 00:00:00  |t č. 1-52  |w 2026-02-21  |y PREZ